| 000 | 00705cam a2200229 i 4500 | ||
|---|---|---|---|
| 001 | BD-DhSAU 3581 | ||
| 003 | BD-DhSAU | ||
| 005 | 20150208130621.0 | ||
| 008 | 770725s1975 ii a rb 001 0 eng | ||
| 040 | _aBD-DhSAU | ||
| 082 | 0 | 0 |
_a631.4 _222 _bTHS |
| 100 | 1 | _aThompson, Louis M. | |
| 245 | 1 | 0 |
_aSoils and soil fertility / _cLouis M. Thompson and Frederick R. Troeh. |
| 250 |
_a3rd ed. _bWiley India Edition |
||
| 260 |
_aNew Delhi : _bTata McGraw-Hill Publishing Company , _cc1975. |
||
| 300 |
_ax, 495 p. : _bill. ; _c25 cm. |
||
| 504 | _aInclude bibliographical references and index. | ||
| 590 | _ajoy | ||
| 650 | 0 | _aSoil science. | |
| 650 | 0 | _aSoil fertility. | |
| 700 | 1 | _aTroeh, Frederick R., | |
| 942 |
_2ddc _cBOOK |
||
| 999 |
_c3581 _d3581 |
||